Прибор для контроля зануления (заземления) осветительной арматуры (Запись № 9012365)

Подробности
000 -МАРКЕР
контрольное поле 02354nam0a22003251 4500
001 - ИДЕНТИФИКАТОР ЗАПИСИ
контрольное поле rc\3983337
005 - ИДЕНТИФИКАТОР ВЕРСИИ
контрольное поле 20130415122301.8
021 ## - НОМЕР ГОСУДАРСТВЕННОЙ РЕГИСТРАЦИИ
Код страны Российская Федерация
Номер [57-3758]
035 ## - ДРУГИЕ СИСТЕМНЫЕ НОМЕРА
Идентификатор записи (NLR Aleph) 008062606
100 ## - ДАННЫЕ ОБЩЕЙ ОБРАБОТКИ
Данные общей обработки 20130415d1956 |||y0rusy50 ca
101 0# - ЯЗЫК РЕСУРСА
Язык текста, звукозаписи и т.д. русский
102 ## - СТРАНА ПУБЛИКАЦИИ ИЛИ ПРОИЗВОДСТВА
Страна публикации Российская Федерация
105 ## - ПОЛЕ КОДИРОВАННЫХ ДАННЫХ: ТЕКСТОВЫЕ МАТЕРИАЛЫ, МОНОГРАФИЧЕСКИЕ
Кодированные данные о монографическом текстовом документе a z |||||
200 1# - ЗАГЛАВИЕ И СВЕДЕНИЯ ОБ ОТВЕТСТВЕННОСТИ
Основное заглавие Прибор для контроля зануления (заземления) осветительной арматуры
210 ## - ПУБЛИКАЦИЯ, РАСПРОСТРАНЕНИЕ И ДР.
Место издания, распространения и т.д. Москва
Имя издателя, распространителя и т. д. Б. и.
Дата издания, распространения и т.д. 1956
215 ## - ФИЗИЧЕСКАЯ ХАРАКТЕРИСТИКА
Специфическое обозначение материала и объем 19 с.
Другие сведения о физической характеристике черт.
Размеры 22
225 1# - СЕРИЯ
Основное заглавие серии Передовой производственно-технический опыт
Обозначение или номер части Серия 26
Наименование части Электросиловые установки и заводские электросети
Обозначение тома [№ Т-56-380/17]
300 ## - ОБЩИЕ ПРИМЕЧАНИЯ
Текст примечания Авт. указаны перед загл. статей
327 0# - ПРИМЕЧАНИЯ О СОДЕРЖАНИИ
Текст примечания На тит. л., кроме первой статьи, указаны: Установка для автоматического отключения линии, питающей электросекундомеры, при срыве или отклонении частоты генератора от 50 гц / [Е.И. Сергеева и М.А. Фомин]. Электрическое контактное устройство к динамометру / [А.Е. Зайденберг]. Компаратор емкостей / [Н.Г. Желудева и В.Ш. Шхинек]
464 #0 - АНАЛИТИЧЕСКИЙ УРОВЕНЬ
Встроенное поле 2001#$aЭлектрическое контактное устройство к динамометру
-- 700#1$aЗайденберг$bА.Е.
464 #0 - АНАЛИТИЧЕСКИЙ УРОВЕНЬ
Встроенное поле 2001#$aКомпаратор емкости
-- 700#1$aЖелудева$bН.Г.
-- 701#1$aШхинек$bВ.Ш.
464 #0 - АНАЛИТИЧЕСКИЙ УРОВЕНЬ
Встроенное поле 2001#$aУстановка для автоматического отключения линии, питающей электросекундомеры, при срыве или отклонении частоты генератора от 50 гц
-- 700#1$aСергеева$bЕ.И.
-- 701#1$aФомин$bМ.А.
606 ## - НАИМЕНОВАНИЕ ТЕМЫ КАК ПРЕДМЕТ
Наименование темы Контрольно-измерительные инструменты и приборы
Формальный подзаголовок Сборники
Код системы psbo
700 #1 - ИМЯ ЛИЦА - ПЕРВИЧНАЯ ОТВЕТСТВЕННОСТЬ
Начальный элемент ввода Русина
Часть имени, кроме начального элемента ввода Л. Н.
Расширение инициалов личного имени Лидия Николаевна
801 #0 - ИСТОЧНИК ЗАПИСИ
Страна Российская Федерация
Организация NLR
Правила каталогизации psbo
801 #1 - ИСТОЧНИК ЗАПИСИ
Страна Российская Федерация
Организация ELAR
Источник данных rusmarc
852 ## - МЕСТОНАХОЖДЕНИЕ И ШИФР ХРАНЕНИЯ
Идентификатор организации NLR
Шифр хранения (Call Number) П10/1493
942 ## - ДОПОЛНИТЕЛЬНЫЕ ЭЛЕМЕНТЫ ЗАПИСИ (АБИС)
Тип экземпляра АБИС Книга
980 ## - КОЛЛЕКЦИЯ
Название коллекции Национальная библиография
Экземпляры
Тип экземпляра Дата поступления Библиотека постоянного хранения Библиотека текущего хранения Место хранения Шифр хранения Штрих-код Статус экземпляра
Книга 26.10.2013 РНБ (Московский) РНБ (Московский) Русский журнальный фонд П10/1493 8062606-10